00507 2200181 4500001002100000005001500021035002000036008004100056245005200097100002000149260003700169300002700206084002000233082001000253650002000263020002200283990002000305INLIS00000000000795020260430025340 a0010-0426000138260430 0 ind 1 a2 Menit Membaca Pikiran Orang /cBayu W. Ayogya aAyogya, Bayu W. aYogyakarta :bBuku Pintar,c2013 a292 hlm. ;c20 x 14 cm a218.2 AYO 2 C.1 a218.2 4aPikiran Manusia a978-602-7881-03-7 a260311200011290